Reproductive health : a key to a brighter future : (Record no. 2281)

MARC details
000 -LEADER
fixed length control field 007010000a22001930004500
008 - FIXED-LENGTH DATA ELEMENTS--GENERAL INFORMATION
fixed length control field 230817t ||||| |||| 00| 0 eng d
020 ## - ISBN
ISBN 924156153X
082 ## - DEWEY DECIMAL CLASSIFICATION NUMBER
Classification number 612.6
Item number SPE
942 ## - ADDED ENTRY ELEMENTS (KOHA)
Item Type Reports
110 ## - MAIN ENTRY--CORPORATE NAME
Corporate Name Special Programme of Research, Development, and Research Training in Human Reproduction
700 ## - ADDED ENTRY--PERSONAL NAME
Personal name Khanna, J
Relator Term editor
700 ## - ADDED ENTRY--PERSONAL NAME
Personal name Look, P. F. A. van
Relator Term editor
700 ## - ADDED ENTRY--PERSONAL NAME
Personal name Griffin, P. D
Relator Term editor
245 ## - TITLE STATEMENT
Title Reproductive health : a key to a brighter future :
Sub Title biennial report 1990-1991 : special 20th anniversary issue
260 ## - PUBLICATION, DISTRIBUTION, ETC. (IMPRINT)
Place of Publication Geneva:
Name of Publisher World Health Organization,
Date of Copyright 1992
300 ## - PHYSICAL DESCRIPTION
Extent xiii, 171 p. : ill. ; 29 cm
650 ## - SUBJECT ADDED ENTRY--TOPICAL TERM
Topical Term Human reproduction
650 ## - SUBJECT ADDED ENTRY--TOPICAL TERM
Topical Term Women -- Health and hygiene
Holdings
Withdrawn status Lost status Damaged status Not for loan Permanent location Current location Date acquired Total Checkouts Full call number Barcode Date last seen Price effective from Koha item type
        Resource center, Muslim Women's Research And Action Forum Resource center, Muslim Women's Research And Action Forum 2023-08-17   612.6 SPE RAF3574 2023-08-17 2023-08-17 Reports

Copyright © 2023 Muslim Women's Research and Action Forum (MWRAF), No 27/3, Anderson Road, Kalubowila, Dehiwela. Funded by The Asia Fundation